| 000 | 00779nam a22001577a 4500 | ||
|---|---|---|---|
| 003 | OSt | ||
| 005 | 20150912151906.0 | ||
| 008 | 150912b xxu||||| |||| 00| 0 eng d | ||
| 040 | _cRUA | ||
| 082 | _aAGR អ៊ុយ 1996 BOO17 Or.1 | ||
| 100 |
_9341 _aអ៊ុយ រម្យនា |
||
| 245 | _aឥទ្ធិពលនៃការប្រកួយប្រជែងរវាងពូជ ក្នុងពិសោធន៍ជំរើសទ្នផលស្រូវស្រាល ចំនួនប្រាំពូជ នៅមណ្ឌលអភិវឌ្ឍន៍ដីឥដ្ឋ-ស្រែអំពិល នារដូវប្រាំង ឆ្នាំ១៩៩៦ | ||
| 260 |
_aphnom phen _bRUA _c1996 |
||
| 300 |
_a30p. _bill. _c29cm. |
||
| 942 |
_2ddc _cAGR |
||
| 999 |
_c320 _d320 |
||